[Event "Barcelona Sant Marti op 04th"]
[Site "Barcelona"]
[Date "2002.04.27"]
[Round "4.19"]
[White "Hernando Rodrigo, Lourdes"]
[Black "Castellano Gual, Sergio"]
[Result "1-0"]
[WhiteElo "1990"]
[BlackElo "1820"]
[PlyCount "41"]
[EventDate "2002.04.06"]
[EventType "swiss"]
[EventRounds "9"]
[EventCountry "ESP"]
[SourceTitle "EXT 2003"]
[Source "ChessBase"]
[SourceDate "2002.11.25"]
[SourceVersion "1"]
[SourceVersionDate "2002.11.25"]
[SourceQuality "1"]

1. d4 e6 2. Nf3 b6 3. e4 d5 4. Bd3 c5 5. c3 Bb7 6. Nbd2 Nf6 7. e5 Nfd7 8. 0-0 Nc6 9. a3 a6 10. Qe2 b5 11. b4 cxd4 12. cxd4 Rc8 13. Nb3 Be7 14. Bd2 0-0 15. Rac1 Nb6 16. Nc5 Bxc5 17. dxc5 Nc4 18. Bf4 Nxa3 19. Bxh7+ Kh8 20. Ng5 Nxb4 21. Qh5 1-0